Le pari démocratique d'Albert Camus (notice n° 1654120)
[ vue normale ]
| 000 -LEADER | |
|---|---|
| fixed length control field | 01657cam a2200157 4500500 |
| 005 - DATE AND TIME OF LATEST TRANSACTION | |
| control field | 20260208005843.0 |
| 041 ## - LANGUAGE CODE | |
| Language code of text/sound track or separate title | fre |
| 042 ## - AUTHENTICATION CODE | |
| Authentication code | dc |
| 100 10 - MAIN ENTRY--PERSONAL NAME | |
| Personal name | Rey, Pierre-Louis |
| Relator term | author |
| 245 00 - TITLE STATEMENT | |
| Title | Le pari démocratique d'Albert Camus |
| 260 ## - PUBLICATION, DISTRIBUTION, ETC. | |
| Date of publication, distribution, etc. | 2006.<br/> |
| 500 ## - GENERAL NOTE | |
| General note | 62 |
| 520 ## - SUMMARY, ETC. | |
| Summary, etc. | Fougeret de Monbron à la Bastille, et dans ses archives Fougeret de Monbron a séjourné deux fois dans les prisons de Louis XV et notamment à la Bastille du 12 avril au 25 septembre 1755. Sa présence dans la forteresse a donné naissance à un certain nombre de documents dispersés et partiellement reproduits. On propose une mise au point, de nouvelles transcriptions et la publication des derniers inédits. Les archives de la Bastille fournissent des informations sur la vie du prisonnier et permettent de préciser le profil d’un homme de lettres à la singularité très accusée. L’examen plus particulier de la « bibliothèque de voyage » saisie lors de son arrestation donne de précieuses indications pour compléter la bibliographie de l’écrivain cosmopolite, amateur de littérature étrangère et sans doute traducteur de l’anglais. Les archives permettent aussi de dénouer certaines confusions tissées entre la biographie de Fougeret et celle d’un autre prisonnier de la Bastille, Louis-Joseph de La Rochegérault. Il faut rendre à ce dernier La Voie des persécutés régulièrement donné au premier. |
| 786 0# - DATA SOURCE ENTRY | |
| Note | Revue d'histoire littéraire de la France | 106 | 2 | 2006-03-01 | p. 271-284 | 0035-2411 |
| 856 41 - ELECTRONIC LOCATION AND ACCESS | |
| Uniform Resource Identifier | <a href="https://shs.cairn.info/revue-d-histoire-litteraire-de-la-france-2006-2-page-271?lang=fr&redirect-ssocas=7080">https://shs.cairn.info/revue-d-histoire-litteraire-de-la-france-2006-2-page-271?lang=fr&redirect-ssocas=7080</a> |
Pas d'exemplaire disponible.




Réseaux sociaux